Hướng dẫn làm bài tập sinh học 6
Sách là tài liệu tham khảo giúp giáo viên, học sinh trung học cơ sở có thêm tư liệu để dạy và học tốt hơn bộ môn Sinh học.
Gorde:
| Egile nagusia: | |
|---|---|
| Formatua: | Liburua |
| Hizkuntza: | Undetermined |
| Argitaratua: |
Thành phố Hồ Chí Minh
Tổng hợp Thành phố Hồ Chí Minh
2006
|
| Gaiak: | |
| Etiketak: |
Etiketa erantsi
Etiketarik gabe, Izan zaitez lehena erregistro honi etiketa jartzen!
|
| Thư viện lưu trữ: | Trung tâm Học liệu Trường Đại học Cần Thơ |
|---|
| LEADER | 00822nam a2200217Ia 4500 | ||
|---|---|---|---|
| 001 | CTU_116239 | ||
| 008 | 210402s9999 xx 000 0 und d | ||
| 020 | |c 8000 | ||
| 082 | |a 570.0712 | ||
| 082 | |b Ph561/L.6 | ||
| 100 | |a Phan, Thu Phuơng | ||
| 245 | 0 | |a Hướng dẫn làm bài tập sinh học 6 | |
| 245 | 0 | |c Phan Thu Phương | |
| 260 | |a Thành phố Hồ Chí Minh | ||
| 260 | |b Tổng hợp Thành phố Hồ Chí Minh | ||
| 260 | |c 2006 | ||
| 520 | |a Sách là tài liệu tham khảo giúp giáo viên, học sinh trung học cơ sở có thêm tư liệu để dạy và học tốt hơn bộ môn Sinh học. | ||
| 650 | |a Biology | ||
| 650 | |x Study and teaching | ||
| 904 | |i Tuyến | ||
| 980 | |a Trung tâm Học liệu Trường Đại học Cần Thơ | ||